[Event "AUT-chT2S 0001"]
[Site "Austria"]
[Date "2000.10.08"]
[Round "2"]
[White "Petschar, Kurt"]
[Black "Pichler, Peter"]
[Result "1/2-1/2"]
[WhiteElo "2280"]
[BlackElo "2138"]
[PlyCount "56"]
[EventDate "2000.??.??"]
[EventType "team-tourn"]
[EventRounds "11"]
[EventCountry "AUT"]
[SourceTitle "EXT 2002"]
[Source "ChessBase"]
[SourceDate "2001.11.25"]
[SourceVersion "1"]
[SourceVersionDate "2001.11.25"]
[SourceQuality "1"]

1. e4 e6 2. d4 d5 3. Nc3 Bb4 4. Nge2 dxe4 5. a3 Be7 6. Nxe4 Nf6 7. N2c3 0-0 8. Be3 Nbd7 9. Qf3 Nxe4 10. Qxe4 Nf6 11. Qf3 Nd5 12. Nxd5 Qxd5 13. Be2 Bd6 14. c4 Qxf3 15. Bxf3 c6 16. 0-0-0 e5 17. Rhe1 exd4 18. Bxd4 Be6 19. g3 Bc7 20. Bc5 Rfe8 21. Kc2 Bb6 22. Bxb6 axb6 23. Kc3 Kf8 24. Re2 Bf5 25. Rxe8+ Kxe8 26. Rd4 Be6 27. h4 Ke7 28. Rd2 Ra5 1/2-1/2

[Event "AUT-chT2S 9900"]
[Site "Austria"]
[Date "1999.11.20"]
[Round "3.4"]
[White "Pichler, Peter"]
[Black "Egartner, Wolfgang"]
[Result "1/2-1/2"]
[WhiteElo "2205"]
[BlackElo "2141"]
[PlyCount "25"]
[EventDate "1999.10.??"]
[EventType "team-tourn"]
[EventRounds "11"]
[EventCountry "AUT"]
[SourceTitle "EXT 2002"]
[Source "ChessBase"]
[SourceDate "2001.11.25"]
[SourceVersion "1"]
[SourceVersionDate "2001.11.25"]
[SourceQuality "1"]

1. d4 d5 2. Nf3 c6 3. c4 e6 4. cxd5 exd5 5. Nc3 Bf5 6. Bf4 Nf6 7. e3 Qb6 8. Qc1 h6 9. Be2 Nbd7 10. 0-0 Be7 11. Ne1 0-0 12. Nd3 a5 13. Na4 1/2-1/2

[Event "AUT-chT2S 9899"]
[Site "Austria"]
[Date "1998.11.22"]
[Round "4.4"]
[White "Kurasch, Josef"]
[Black "Pichler, Peter"]
[Result "1-0"]
[WhiteElo "2130"]
[BlackElo "2205"]
[PlyCount "80"]
[EventDate "1998.10.??"]
[EventType "team-tourn"]
[EventRounds "11"]
[EventCountry "AUT"]
[SourceTitle "EXT 2001"]
[Source "ChessBase"]
[SourceDate "2000.11.22"]
[SourceVersion "1"]
[SourceVersionDate "2000.11.22"]
[SourceQuality "1"]

1. c4 c6 2. e4 d5 3. d4 dxe4 4. Nc3 Nf6 5. f3 exf3 6. Nxf3 Bg4 7. Be2 e6 8. Bg5 Be7 9. Qd2 Nbd7 10. 0-0 h6 11. Bf4 Bf5 12. Bd3 Bxd3 13. Qxd3 Nh5 14. Be3 Nhf6 15. Rae1 Bb4 16. a3 Bxc3 17. Qxc3 Rc8 18. Bf4 b5 19. b3 Nb6 20. h3 a5 21. Be5 a4 22. cxb5 cxb5 23. Qa5 Nbd7 24. Qxb5 axb3 25. Bxf6 gxf6 26. Qxb3 0-0 27. Nh2 Nb6 28. Qe3 f5 29. Nf3 Kh7 30. Rc1 Nd5 31. Rxc8 Qxc8 32. Qc1 Qa6 33. Qb2 Qd3 34. Ne5 Qe3+ 35. Kh1 Nf4 36. Qf2 Qxf2 37. Rxf2 Nd5 38. Ra2 Kg7 39. a4 Rd8 40. a5 Nc3 1-0

[Event "AUT-chT2S 9899"]
[Site "Austria"]
[Date "1998.11.21"]
[Round "3.4"]
[White "Pichler, Peter"]
[Black "Egartner, Wolfgang"]
[Result "0-1"]
[WhiteElo "2205"]
[BlackElo "2145"]
[PlyCount "52"]
[EventDate "1998.10.??"]
[EventType "team-tourn"]
[EventRounds "11"]
[EventCountry "AUT"]
[SourceTitle "EXT 2001"]
[Source "ChessBase"]
[SourceDate "2000.11.22"]
[SourceVersion "1"]
[SourceVersionDate "2000.11.22"]
[SourceQuality "1"]

1. d4 d5 2. c4 e6 3. Nc3 c6 4. Nf3 dxc4 5. a4 Bb4 6. e3 b5 7. Bd2 a5 8. axb5 Bxc3 9. Bxc3 cxb5 10. b3 Bb7 11. bxc4 b4 12. Bb2 Nf6 13. Bd3 0-0 14. 0-0 Nbd7 15. Re1 Be4 16. Bxe4 Nxe4 17. Qc2 f5 18. Red1 Qc7 19. Ne1 Nb6 20. f3 Nf6 21. c5 Nbd5 22. Qe2 a4 23. e4 fxe4 24. fxe4 Nf4 25. Qc2 Ng4 26. Bc1 Ne2+ 0-1

[Event "AUT-chT2S 9697"]
[Site "Austria"]
[Date "1997.??.??"]
[Round "8"]
[White "Emberger, Juergen"]
[Black "Pichler, Peter"]
[Result "1-0"]
[WhiteElo "2040"]
[BlackElo "2035"]
[PlyCount "76"]
[EventDate "1996.??.??"]
[EventType "team-tourn"]
[EventRounds "11"]
[EventCountry "AUT"]
[SourceTitle "EXT 1999"]
[Source "ChessBase"]
[SourceDate "1998.11.16"]
[SourceVersion "1"]
[SourceVersionDate "1998.11.16"]
[SourceQuality "1"]

1. d4 d5 2. Nf3 Nf6 3. e3 c6 4. Bd3 Bg4 5. Nbd2 Nbd7 6. h3 Bh5 7. c4 Bg6 8. Qb3 Qb6 9. Qc2 e6 10. a3 a5 11. b3 Be7 12. 0-0 0-0 13. Bb2 Bxd3 14. Qxd3 Ne4 15. Nxe4 dxe4 16. c5 exd3 17. cxb6 Nxb6 18. Rfd1 Rfd8 19. Rxd3 Nd5 20. g3 Nc7 21. Rc1 Nb5 22. a4 Nc7 23. e4 Na6 24. Bc3 Bb4 25. Kf1 Kf8 26. Ne5 f6 27. Nc4 Bxc3 28. Rcxc3 Nb4 29. Rd2 c5 30. dxc5 Rxd2 31. Nxd2 Rc8 32. f4 Na6 33. c6 Ke7 34. e5 Nb8 35. c7 Nc6 36. Nc4 fxe5 37. fxe5 Rxc7 38. Nxa5 Kd7 1-0

[Event "AUT-chT2S 9697"]
[Site "Austria"]
[Date "1996.??.??"]
[Round "6"]
[White "Pichler, Peter"]
[Black "Kuess, Mario"]
[Result "1-0"]
[WhiteElo "2035"]
[BlackElo "2115"]
[PlyCount "91"]
[EventDate "1996.??.??"]
[EventType "team-tourn"]
[EventRounds "11"]
[EventCountry "AUT"]
[SourceTitle "EXT 1999"]
[Source "ChessBase"]
[SourceDate "1998.11.16"]
[SourceVersion "1"]
[SourceVersionDate "1998.11.16"]
[SourceQuality "1"]

1. d4 g6 2. c4 Bg7 3. Nc3 c5 4. d5 d6 5. g3 e5 6. e4 Nf6 7. Be2 a6 8. a4 0-0 9. h4 Qa5 10. Bd2 h6 11. g4 Ne8 12. g5 hxg5 13. h5 Qc7 14. Bxg5 Nd7 15. Be7 Ndf6 16. Bxf8 Bxf8 17. hxg6 fxg6 18. Qd2 Qa5 19. Nf3 Nh5 20. Nh4 Nf4 21. Rg1 Bh6 22. Nxg6 Kf7 23. Nxf4 Bxf4 24. Bh5+ Ke7 25. Qe2 Bd7 26. Bg4 Qb4 27. Bxd7 Kxd7 28. a5 Rd8 29. Qc2 b5 30. axb6 Qxb6 31. Ne2 Bh6 32. Rg6 Bf8 33. Qa4+ Ke7 34. Qxa6 Qb4+ 35. Kf1 Nc7 36. Qa3 Qxc4 37. Qf3 Na6 38. Qf6+ Kd7 39. Qf5+ Kc7 40. Rg3 Be7 41. Rg7 Re8 42. Qe6 Kd8 43. Rxe7 Rxe7 44. Qxd6+ Rd7 45. Qxa6 Qxe4 46. Qf6+ 1-0